BIBLIOTHÈQUE DE LA MAISON DU MEXIQUE

Logo 1 Logo 2

Un duque norteamericano para Sonora (notice nᵒ 8379)

détails MARC
000 -Sello discográfico
campo de control de longitud fija 01158nam a2200337 4500
005 - Identificación de versión
campo de control 20251016085021.0
010 ## - Número Estándar Internacional de Libros (ISBN)
Número (ISBN) 968-29-2650-5
035 ## - Otros números de control del sistema
Número de control del sistema 29241
099 ## - fechas locales
Tipo de ítem Koha LIBRO
100 ## - Datos de procesamiento general
Datos de procesamiento general 20021008d1990 m y1spay5003 ba
105 ## - Campo de datos codificados: Material textual, monográfico
Datos codificados de monografía y 001zy
200 1# - Título y mención de responsabilidad
Título propio Un duque norteamericano para Sonora
Designación general del material texto impreso
Primer mención de responsabilidad Ana Rosa Suárez Argüello
205 ## - Declaración de edición
Declaración de edición 1a ed
210 ## - Publicación, distribución, etc.
Lugar de publicación, distribución, etc. México
Nombre del editor, distribuidor, etc. Consejo Nacional para la Cultura y las Artes
Fecha de publicación, distribución, etc. 1990
215 ## - Descripción física
Designación de material específico y extensión del ítem 238 p
Dimensiones 21 cm
320 ## - Nota de índices/bibliografías internas
Texto de la nota Bibliografía: p.227-238
345 ## - Nota de información de adquisición
Fuente de adquisición/dirección de la suscripción [OBSOLETO] Donación
410 #1 - Series
Título Regiones
600 ## - Nombre personal usado como materia
Elemento de entrada Maximiliano de Habsburgo
Parte del nombre distinta del elemento de entrada Fernando José
Fechas 1832-1867
Adiciones al nombre que no sean fechas Emperador de México
Número Koha 188
607 ## - Nombre geográfico utilizado como tema
Elemento de entrada México
Subdivisión temática Historia
Subdivisión cronológica Intervención europea, 1861-1867
Subdivisión temática Fuentes
Número Koha 2985
607 ## - Nombre geográfico utilizado como tema
Elemento de entrada México
Subdivisión temática Historia
Subdivisión cronológica Invasión de Raousset de Boulbon
Número Koha 14324
660 ## - Código de área geográfica
Código MX
700 ## - Nombre personal - Responsabilidad primaria
Elemento de entrada Suárez Argüello
Parte del nombre distinta del elemento de entrada Ana Rosa
Número Koha 4610
801 #0 - Fuente de origen
Agencia cm
900 ## -
-- 1/2674
900 ## -
-- 7100214462\081002
942 ## - ELEMENTOS DE ENTRADA SECUNDARIOS (KOHA)
Tipo de ítem Koha Livre
996 ## -
-- MEX
-- 751145101
-- MMAG
-- 005217
-- 917.2 R336 V.18
-- 20210720LIV
Exemplaires
Estatus retirado Estado de daño Estado de pérdida Fecha de adquisición Biblioteca de origen Biblioteca actual Ubicación en estantería Código de barras Precio de reemplazo Signatura topográfica completa No para préstamo Tipo de ítem Koha Nota pública Nota no pública
      05/08/2025 Casa México Paris Casa México Paris   005217 05/08/2025 917.2 R336 V.18   Livre 20210720LIV 751145101